Chinango : (Registro nro. 17242)
[ vista simple ]
| 000 -CABECERA | |
|---|---|
| Campo de control | 01088cas a2200217 a 4500 |
| 005 - FECHA Y HORA DE LA ULTIMA TRANSACCION | |
| Campo de control | 20181226190935.0 |
| 008 - ELEMENTOS DE LONGITUD FIJA—INFORMACION GENERAL | |
| Campo de control | 000802d19991999ck rzp r 0 uub0spa d |
| 040 ## - FUENTE DE CATALOGACIÓN | |
| Agencia catalogadora original | CO-BoBLA |
| Agencia transcriptora | CO-BoBLA |
| Agencia Modificadora | CO-BoIAVH |
| 041 0# - IDIOMA | |
| Código de idioma para texto/pista de sonido o título separado | Español |
| 044 ## - PAÍS DE PUBLICACIÓN | |
| País de publicación | Colombia |
| 090 ## - CLASIFICACIÓN LOCAL | |
| Colección | SE |
| 245 00 - MENCION DE TITULO | |
| Título | Chinango : |
| Parte restante del título | Organo informativo del Centro de Investigaciones Etnolológicas al servicio de las comunidades tradicionales de Colombia. |
| 260 ## - PUBLICACION, DISTRIBUCION, ETC. (PIE DE IMPRENTA) | |
| Lugar de publicación, distribución, etc. | Quibdó (Chiocó, Colombia) : |
| Nombre del editor, distribuidor, etc. | Centro de Investigaciones Etnolológicas, |
| Fecha de publicación, distribución, etc. | [1999]- |
| 300 ## - DESCRIPCION FISICA | |
| Otros detalles físicos | ilustraciones ; |
| Dimensiones | 28 cm. |
| 650 26 - ASIENTO SECUNDARIO DE MATERIA - TERMINO TEMATICO | |
| Término temático o nombre geográfico como elemento de entrada | Biodiversidad |
| Subdivisión general | Legislación medioambiental |
| Subdivisión geográfica | Colombia |
| Subdivisión de forma | Publicaciones periódicas |
| 9 (RLIN) | 74079 |
| 650 26 - ASIENTO SECUNDARIO DE MATERIA - TERMINO TEMATICO | |
| Término temático o nombre geográfico como elemento de entrada | Medicina alternativa |
| Subdivisión general | Legislación |
| Subdivisión geográfica | Colombia |
| Subdivisión de forma | Publicaciones periódicas |
| 9 (RLIN) | 91229 |
| 650 26 - ASIENTO SECUNDARIO DE MATERIA - TERMINO TEMATICO | |
| Término temático o nombre geográfico como elemento de entrada | Medicina tradicional |
| Subdivisión general | Legislación |
| Subdivisión geográfica | Colombia |
| Subdivisión de forma | Publicaciones periódicas |
| 9 (RLIN) | 8559 |
| 651 26 - ASIENTO SECUNDARIO DE MATERIA - NOMBRE GEOGRAFICO | |
| Nombre geográfico | Quibdó (Chocó, Colombia) |
| Subdivisión general | Descripción. |
| Subdivisión de forma | Publicaciones periódicas |
| 9 (RLIN) | 33664 |
| 710 2# - ASIENTO SECUNDARIO - NOMBRE CORPORATIVO | |
| Nombre corporativo o de jurisdicción como elemento de entrada | Centro de Investigaciones Etnológicas al Servicio de las Comunidades Tradicionales de Colombia |
| Lugar de la reunión | (Istmina, Chocó) |
| 9 (RLIN) | 101439 |
| 942 ## - ELEMENTOS ADICIONALES (KOHA) | |
| Sistema de clasificación | Local |
| Tipo de ítem | Periodica o revista |
| Withdrawn status | Lost status | Sistema de Clasificación | Damaged status | No para préstamo | Colección | Fecha publicación (Año) | Volumen revista | Número revista | Inventariado | Ubicación Permanente | Ubicación actual | Fecha de adquisición | Fuente de adquisición | Datos de publicación Seriada | Total Checkouts | Número topográfico | Inventario / Código de Barras | Date last seen | Ejemplar | Price effective from | Forma de adquisición | Tipo de material |
|---|---|---|---|---|---|---|---|---|---|---|---|---|---|---|---|---|---|---|---|---|---|---|
| Dewey Decimal Classification | Hemeroteca | 1997 | 1 | 1 | Inventariado 2018 | Bogotá | Bogotá | 30/06/2004 | Desconocido | Número 1 (01/10/1997) | SE | 016220 | 25/03/2015 | Ej. 1 | 25/03/2015 | Donación | Periodica o revista | |||||
| Hemeroteca | 1999 | 1 | 2 | Inventariado 2017 | Villa de Leyva | Villa de Leyva | 30/06/2004 | Desconocido | SERIADAS 01477 | 016217 | 25/03/2015 | 1 | 25/03/2015 | Periodica o revista |